Frekvenčná analýza prietokov s využitím syntetických klimatických údajov a zrážkovo odtokového modelovania

Salvato in:
Dettagli Bibliografici
Autore principale: Brziak, Adam (Autore)
Altri autori: Kohnová, Silvia (Relatore della tesi)
Natura: Manoscritto Libro
Lingua:slovacco
Pubblicazione: 2025
Soggetti:
Accesso online:http://is.stuba.sk/zp/portal_zp.pl?podrobnosti=152557
Tags: Aggiungi Tag
Nessun Tag, puoi essere il primo ad aggiungerne!!

MARC

LEADER 00000ntm a22000003a 4500
001 stuzp71319
003 SK-STU
005 20250830210310.0
007 ta
008 150427s2015----xo-----f-mn---000-0-slo-d
040 |a STU  |b slo 
041 0 |a slo 
100 1 |a Brziak, Adam  |u 010160  |4 aut  |U SvF Stavebná fakulta  |T SvF Katedra vodného hospodárstva krajiny  |X 62727  |U V160  |Y 16  |7 62727 
242 0 1 |a Flood frequency analysis using synthetic climate data and rainfall-runoff modelling  |y eng 
245 1 0 |a Frekvenčná analýza prietokov s využitím syntetických klimatických údajov a zrážkovo odtokového modelovania 
260 |c 2025 
650 4 |a frekvenčná analýza prietokov  |2 slo 
650 4 |a zrážkovo-odtokový model  |2 slo 
650 4 |a syntetické klimatické údaje  |2 slo 
650 4 |a rainfall-runoff modelling  |2 eng 
650 4 |a synthetic climate data  |2 eng 
650 4 |a flood frequency analysis  |2 eng 
700 1 |a Kohnová, Silvia  |u 010160  |k Z1  |4 ths  |U SvF Stavebná fakulta  |T SvF Katedra vodného hospodárstva krajiny  |X 2746  |U V160  |Y 16  |7 A000002746 
856 4 |u http://is.stuba.sk/zp/portal_zp.pl?podrobnosti=152557